| 000 | 00454nam a2200181Ia 4500 | ||
|---|---|---|---|
| 001 | 4938 | ||
| 005 | 20260306145831.0 | ||
| 008 | 260306t2019||||xx |||||||||||||| ||spa|| | ||
| 041 | _aESP | ||
| 082 |
_a332 _bM65 |
||
| 100 |
_aMishkin, Frederic S. _eAUT |
||
| 245 | 4 | _aThe economics of money, banking, and financial markets | |
| 260 | _c2019 | ||
| 300 |
_avarias paginaciones : _c26 cm. |
||
| 650 | _aGEN | ||
| 654 | _aCAN | ||
| 942 |
_cLIB _dJUS _fJUS _2ddc _n |
||
| 999 |
_c4938 _d4938 |
||